[Event "Pereira op"]
[Site "Pereira"]
[Date "2023.09.23"]
[Round "2"]
[White "Huertas Cabrera, Daniel"]
[Black "Montiel Montes, Juliana"]
[Result "1-0"]
[WhiteElo "1367"]
[BlackElo "1332"]
[PlyCount "37"]
[EventDate "2023.09.23"]
[EventType "swiss"]
[EventRounds "6"]
[EventCountry "COL"]
[SourceTitle "EXT 2024"]
[Source "ChessBase"]
[SourceDate "2023.10.10"]
[SourceVersion "1"]
[SourceVersionDate "2023.10.10"]
[SourceQuality "1"]

1. e4 e5 2. Nf3 Nc6 3. Bc4 Bc5 4. d3 d6 5. h3 Nf6 6. 0-0 0-0 7. Nc3 Be6 8. Bb3 d5 9. exd5 Nxd5 10. Bd2 Re8 11. a4 Nxc3 12. Bxc3 Bxb3 13. cxb3 Bd4 14. Nxd4 Nxd4 15. Qg4 Nxb3 16. Ra3 Nc5 17. f4 Nxd3 18. Rd1 e4 19. Qxg7# 1-0

[Event "COL-ch U12"]
[Site "Choconta"]
[Date "2023.03.20"]
[Round "6"]
[White "Delgado Caballero, Kevin Daniel"]
[Black "Huertas Cabrera, Daniel"]
[Result "1-0"]
[WhiteElo "1361"]
[BlackElo "1441"]
[PlyCount "40"]
[EventDate "2023.03.17"]
[EventType "swiss"]
[EventRounds "7"]
[EventCountry "COL"]
[SourceTitle "CBM 213 Extra"]
[Source "ChessBase"]
[SourceDate "2023.05.31"]
[SourceVersion "1"]
[SourceVersionDate "2023.05.31"]
[SourceQuality "1"]

1. e4 e6 2. d4 d5 3. e5 c5 4. c3 Nc6 5. Nf3 Bd7 6. Nbd2 Nge7 7. Nb3 Ng6 8. Be2 Be7 9. 0-0 0-0 10. Re1 b6 11. a3 cxd4 12. cxd4 Rc8 13. Bd2 f6 14. Bb5 fxe5 15. Bxc6 Bxc6 16. dxe5 Ba4 17. Re3 Bc5 18. Re2 Qc7 19. Be3 Rf5 20. Rc1 Nxe5 1-0